Geography Quiz

Random Geography or World Quiz

Sporcle's Hardest Countries on a Map (A-Z) Quiz Stats

 Plays Quiz Updated Apr 17, 2016

Challenge
Share
Tweet
Score 0/24 Timer 04:00
5 Plays Today
% Correct
Oman
94.7%
Honduras
94.4%
Qatar
93.8%
Jordan
92.9%
Indonesia
92.9%
Yemen
91%
Fiji
90.6%
Lesotho
90.2%
Rwanda
89.8%
Djibouti
89.5%
Eritrea
89.1%
Uganda
89%
% Correct
Zambia
84.7%
Gabon
80.4%
Comoros
80.1%
Antigua and Barbuda
79.7%
Vanuatu
78.9%
Kiribati
78.8%
Nauru
76.9%
Mauritius
76.8%
Palau
76.3%
Burkina Faso
75.9%
Tuvalu
74.1%
São Tomé and Príncipe
69.6%

You're not logged in!

Compare scores with friends on all Sporcle quizzes.
OR
Log In

You Might Also Like...

Show Comments

Extras

Top Quizzes Today


Score Distribution

Your Account Isn't Verified!

In order to create a playlist on Sporcle, you need to verify the email address you used during registration. Go to your Sporcle Settings to finish the process.

Report this User

Report this user for behavior that violates our Community Guidelines.

Details: